Fireworks MX. The complete reference

Bibliographic Details
Main Author: Sahlin, Doug
Format: Book
Published: California : Mc Graw-Hill , 2002
Subjects:

MARC

LEADER 00000cam a2200000 7i4500
001 0000010722
005 20050418.0
020 |a 0072224568 
040 |a INS 
090 0 0 |a TK5105.8885 2002 
100 1 |a Sahlin, Doug 
245 1 0 |a Fireworks MX. The complete reference   |c Doug Sahlin 
260 |a California :   |b Mc Graw-Hill ,   |c 2002 
300 |a xxxii,684p ;   |c 22cm. 
650 0 0 |a Web Sites   |x Disign   |x Computer Programs 
999 |a 0000009976   |b BOOK   |c Open Shelf   |e Default branch